Agriscience : Fundamentals amd applications
محفوظ في:
| المؤلف الرئيسي: | |
|---|---|
| التنسيق: | كتاب |
| اللغة: | Undetermined |
| منشور في: |
Clifton Park, NY
Thomson/Delmar Learning
2007
|
| الموضوعات: | |
| الوسوم: |
إضافة وسم
لا توجد وسوم, كن أول من يضع وسما على هذه التسجيلة!
|
| Thư viện lưu trữ: | Trung tâm Học liệu Trường Đại học Cần Thơ |
|---|
| LEADER | 00535nam a2200193Ia 4500 | ||
|---|---|---|---|
| 001 | CTU_127836 | ||
| 008 | 210402s9999 xx 000 0 und d | ||
| 020 | |c 2089000 | ||
| 082 | |a 630 | ||
| 082 | |b B974 | ||
| 100 | |a Burton, DeVere L. | ||
| 245 | 0 | |a Agriscience : | |
| 245 | 0 | |b Fundamentals amd applications | |
| 245 | 0 | |c L. Devere Burton and Elmer L. Cooper | |
| 260 | |a Clifton Park, NY | ||
| 260 | |b Thomson/Delmar Learning | ||
| 260 | |c 2007 | ||
| 650 | |a Agriculture | ||
| 980 | |a Trung tâm Học liệu Trường Đại học Cần Thơ | ||